| 000 | 00832nam a2200205 u 4500 | ||
|---|---|---|---|
| 001 | 000527573 | ||
| 003 | AM-YeHGA | ||
| 005 | 20250618072849.0 | ||
| 008 | 070322s1934 ai r 000 0 arm d | ||
| 040 | _aAM-YeHGA | ||
| 041 | 1 | _aarm | |
| 100 | 1 | _aԿամարինսկի, Ա. | |
| 245 | 1 | 0 |
_aՎոչնչացնենք կանաչ վնասատուներին / _cԱ. Կամարինսկի; Թարգմ. և խմբ.՝ Ջ. Աստվածատրյան; "Молодой рабочий"-ի խմբագր. |
| 260 |
_aՅերեվան : _bԳյուղհրատ, _c1934. |
||
| 300 |
_a50 էջ ; _c20 սմ. |
||
| 650 | 1 | 4 |
_aԳյուղատնտեսություն _94945 |
| 700 | 1 |
_aԱստվածատրյան, Զավեն Աշոտի, _d1909-1978 _eխմբ. _4edt _93116 |
|
| 710 | 2 | _a"Молодой рабочий"-ի խմբագրություն | |
| 090 | _c197222 | ||
| 999 |
_c195745 _d195745 |
||